KOHA-Header-6

Applied Mathematics for business economics and the social sciences (Record no. 1274)

000 -LEADER
fixed length control field 00434nam a2200169Ia 4500
003 - CONTROL NUMBER IDENTIFIER
control field OSt
005 - DATE AND TIME OF LATEST TRANSACTION
control field 20190915164000.0
008 - FIXED-LENGTH DATA ELEMENTS--GENERAL INFORMATION
fixed length control field 190723s9999 xx 000 0 und d
020 ## - INTERNATIONAL STANDARD BOOK NUMBER
International Standard Book Number 978-0-07-070655-2
040 ## - CATALOGING SOURCE
Transcribing agency maju
100 ## - MAIN ENTRY--PERSONAL NAME
Personal name Frank S.Budnick
245 #0 - TITLE STATEMENT
Title Applied Mathematics for business economics and the social sciences
250 ## - EDITION STATEMENT
Edition statement 4th
260 ## - PUBLICATION, DISTRIBUTION, ETC. (IMPRINT)
Place of publication, distribution, etc New Delhi
Name of publisher, distributor, etc MCGraw Hill
Date of publication, distribution, etc 210
300 ## - PHYSICAL DESCRIPTION
Extent 1020
942 ## - ADDED ENTRY ELEMENTS (KOHA)
Koha item type Books
Source of classification or shelving scheme
Holdings
Withdrawn status Lost status Damaged status Not for loan Collection code Permanent Location Current Location Shelving location Date acquired Total Checkouts Total Renewals Full call number Barcode Checked out Date last seen Date checked out Price effective from Koha item type
        Mathematics MAJU MAJU Shelf No.B31 2019-07-23 6 6 515.1 7899 2022-01-02 2021-11-14 2021-11-14 2019-07-23 Mathematics

Powered by Koha